|
|
|
|
| LEADER |
00000naa2a2200000 4500 |
| 001 |
153053 |
| 005 |
20231031151230.0 |
| 035 |
|
|
|a (RuTPU)RU\TPU\book\166015
|
| 090 |
|
|
|a 153053
|
| 100 |
|
|
|a 20090209d2008 k y0rusy50 ca
|
| 101 |
0 |
|
|a rus
|
| 102 |
|
|
|a RU
|
| 200 |
1 |
|
|a Вихревой пылеуловитель с предварительной разгрузкой потока
|f А. С. Разва, Е. Г. Зыков, К. В. Некрасова
|
| 320 |
|
|
|a Библиогр.: 4 назв.
|
| 461 |
|
0 |
|0 (RuTPU)RU\TPU\book\156858
|t Современные техника и технологии
|o 14 Международная научно-практическая конференция студентов, аспирантов и молодых ученых, г. Томск, 24-28 марта 2008 г.
|o труды
|o в 3 т.
|f Томский политехнический университет (ТПУ)
|d 2008
|
| 463 |
|
0 |
|0 (RuTPU)RU\TPU\book\155178
|t Т. 3
|v С. 398-400
|d 2008
|p 621 с.
|
| 610 |
1 |
|
|a пылеуловители
|
| 610 |
1 |
|
|a загрязнения
|
| 610 |
1 |
|
|a защита
|
| 610 |
1 |
|
|a загрязняющие вещества
|
| 610 |
1 |
|
|a твёрдое товливо
|
| 610 |
1 |
|
|a сжигание
|
| 610 |
1 |
|
|a обеспыливание
|
| 610 |
1 |
|
|a пыль
|
| 610 |
1 |
|
|a труды учёных ТПУ
|
| 700 |
|
1 |
|a Разва
|b А. С.
|c специалист в области теплотехники
|c старший преподаватель Томского политехнического университета, кандидат технических наук
|f 1983-
|g Александр Сергеевич
|2 stltpush
|3 (RuTPU)RU\TPU\pers\26188
|
| 701 |
|
1 |
|a Зыков
|b Е. Г.
|
| 701 |
|
1 |
|a Некрасова
|b К. В.
|
| 801 |
|
1 |
|a RU
|b 63413507
|c 20090209
|g PSBO
|
| 801 |
|
2 |
|a RU
|b 63413507
|c 20140620
|g RCR
|
| 942 |
|
|
|c BK
|